000 01378nam0a22002891 4500
001 v19\rc\1494049
005 20260407121946.0
035 _a(NLR Aleph) 005227482
090 _a5569736
_c5569736
100 _a20060620d1881 |||y0rusy50 ca
101 0 _arus
102 _aRU
105 _aa z |||||
200 1 _aУстав о строевой пехотной службе и инструкция для действия роты и батальона в бою
210 _aС.-Петербург
_cв Военной типографии
_d1881
215 _a290 с. разд. паг., 13 л. черт.
_cил.
_d16
316 _aЭкз. РНБ на шифре 38.27.10.19(1) с экслибрисом Библиотеки Николая II: монограмма "Н. А."
_5NLR: 38.27.10.19(1)
517 0 _aИнструкция для действия роты и батальона в бою
702 0 _4390
_8rus
_7ca
_aНиколай
_cимператор российский
_dII
_f1868-1918
_3RU\NLR\AUTH\773750
_9113742
740 1 _aРоссия
_tВоенные уставы и наставления
_3RU\NLR\AUTH\889957977
_9412039
801 0 _aRU
_bNLR
_c20060620
_gpsbo
801 0 _aRU
_bRuMoRGB
_c20060620
_2psbo
801 1 _aRU
_bProSoft-M
_c20060620
_2rusmarc
801 2 _aRU
_bNLR
_c20091028
_2rusmarc
852 _aNLR
_j38.27.10.19(1)
942 _cBOOK
980 _aNB